| 000 | 02573cam a22005054i 4500 | ||
|---|---|---|---|
| 003 | PE-LiUPU | ||
| 005 | 20250731172842.0 | ||
| 008 | 150709s2015 ilu rb 000 0 eng d | ||
| 020 |
_a0830844368 _q(pbk. ; _qalk. paper) |
||
| 020 |
_a9780830844364 _q(pbk. ; _qalk. paper) |
||
| 035 | _a(Sirsi) i9780830844364 | ||
| 040 |
_aDLC _bspa _erda _cDLC _dYDX _dBTCTA _dYDXCP _dOCLCF _dCDX _dBDX _dLNT _dOCLCQ _dPE-LiUPU |
||
| 049 | _aPRUA | ||
| 050 | 0 | 0 |
_aBR21 _b.M48 2015 |
| 082 | 0 | 0 |
_a267 _bM45 _223 |
| 100 | 1 |
_aMetcalf, Sam, _d1952- , _eautor. |
|
| 245 | 1 | 0 |
_aBeyond the local church : _bhow apostolic movements can change the world / _cSam Metcalf. |
| 264 | 1 |
_aDowners Grove : _bIVP Books, _c[2015] |
|
| 300 |
_a222 páginas ; _c21 centímetros |
||
| 336 |
_atext _2rdacontent |
||
| 337 |
_aunmediated _2rdamedia |
||
| 338 |
_avolume _2rdacarrier |
||
| 504 | _aBibliografía : páginas 211-220. | ||
| 505 | 0 | _aThe power of a balanced anatomy : the biblical genius and design for apostolic structures and movements -- Limping or leaping through time : the encouragement of apostolic missionality in history -- Mother Teresa wasn't a "para-Catholic"! : why parachurch is a dirty word -- So what is "apostolic"? : the oft-neglected essential to authentic missionality -- Holy discontent and sanctified ambition : the apostolic imperative of Ephesians 4 -- Setting visionaries free : pioneering as a second decision entrepreneur -- Finding second decision people : how to engage and release apostolic leaders -- Running together! : the exponential leverage of interdependence -- Movements of God : the extraordinary results of apostolic gifting lived out in apostolic structures -- The momentum of movements : to kill or to multiply, that is the question -- Conclusion: Be a history shaper. | |
| 526 | _aSEG42 | ||
| 526 | _aSEG41 | ||
| 526 | _aSEG40 | ||
| 526 | _aSEG39 | ||
| 526 | _aP94 | ||
| 526 | _aP87 | ||
| 526 | _aP86 | ||
| 526 | _aP85 | ||
| 526 | _aP77 | ||
| 526 | _aP76 | ||
| 526 | _aP35 | ||
| 650 | 0 |
_aCristianismo _xSociedades, etc. |
|
| 650 | 0 | _aIglesia. | |
| 910 |
_ajck _bjck _cjck _d20160526 |
||
| 942 |
_2ddc _cBOOK |
||
| 949 |
_a267 M45 _wDEWEY _c1 _i73136 _lCCODEBUL1 _mBUL _r0 _sY _tBOOK _u2016-5-26 _xTEOLOGIA _PP85 _0COMPRA _o.STAFF. Posgrado |
||
| 994 |
_aC0 _bPEPRU |
||
| 596 | _a1 | ||
| 999 |
_a267 M45 _wDEWEY _c9574 _i73136 _f2021-11-10 _g5 _lCCODEBUL1 _mBUL _p20.00 _r0 _sY _tBOOK _u2016-5-26 _xTEOLOGIA _PP85 _0COMPRA _o.STAFF. Posgrado _d9574 |
||
| 980 |
_81 _gALBERTO SANCHEZ Responsable de Automatización |
||